Things that begin with L - Statistics

General Stats
  • This quiz has been taken 184 times
  • The average score is 12 of 15
Answer Stats
Hint Answer % Correct
Yellow citrus Lemon
99%
Part of the plant that absorbs sunlight Leaf
98%
Noise you make after something funny Laugh
97%
Opposite to right Left
96%
Baby sheep Lamb
94%
Your ears do this Listen
94%
Small Little
93%
Spitting mammal from South America Llama
86%
To raise something Lift
82%
Capital of Peru Lima
80%
Baltic nation Latvia | Lithuania
77%
The Earth can sustain this Life
70%
Currency of Turkey Lira
64%
Third largest French city Lyon
61%
A contrivance for fastening or securing something Lock
41%
No matching quizzes found
Score Distribution
Percent of People with Each Score
Percentile by Number Answered
Your Score History
You have not taken this quiz